000 00326nam a2200133Ia 4500
008 240624s9999 xx 000 0 und d
041 _aeng
082 _a823 RAN
100 _aRAND AYN
245 _aANTHEM WITH AN INTRODUCTION BY LEONARD P
260 _c1961
_aNew York
_bSignet
300 _axvi, : 253 : cm. ; 18
365 _c
999 _c2286
_d2286